Statistics for Top 10 Countries by Cassava Production

Click here to take the quiz!

General Stats

  • This quiz has been taken 18 times
  • The average score is 7 of 10

Answer Stats

TonsCountry% Correct
47.4 milNigeria
89%
21.5 milBrazil
78%
14.6 milD.R. Congo
78%
23.9 milIndonesia
78%
7.23 milIndia
72%
30.2 milThailand
67%
9.76 milVietnam
67%
16.0 milGhana
56%
16.4 milAngola
50%
7.57 milCambodia
44%

Score Distribution

Percentile by Number Answered

Percent of People with Each Score

Your Score History

You have not taken this quiz